01704nam a22002417a 450000500170000000800410001702000180005804000070007604100120008308200200009510000270011524500640014226000200020630000280022636500650025452008580031965000270117765000280120470000290123294200120126199900190127395201700129220230809102749.0230805b ||||| |||| 00| 0 eng d a9781544514215 cAL aEnglish 223a158.1bJORA aEric Jorgenson9129774 aAlmanack of Naval Ravikant: A Guide to Wealth and Happiness bMagratheac2020 a241 p.bPBc21.5x14 cm. aBANG/2023/CRB/19b₹580.00c₹d₹725.00e20%f27-07-2023 aGetting rich is not just about luck; happiness is not just a trait we are born with. These aspirations may seem out of reach, but building wealth and being happy are skills we can learn. So what are these skills, and how do we learn them? What are the principles that should guide our efforts? What does progress really look like? Naval Ravikant is an entrepreneur, philosopher, and investor who has captivated the world with his principles for building wealth and creating long-term happiness. The Almanack of Naval Ravikant is a collection of Naval's wisdom and experience from the last ten years, shared as a curation of his most insightful interviews and poignant reflections. This isn't a how-to book, or a step-by-step gimmick. Instead, through Naval's own words, you will learn how to walk your own unique path toward a happier, wealthier life. aBusiness Books9129376 aSelf Help Books9129378 aJORGENSON (Eric)9129379 2ddccBK c228216d228216 00102ddc40708GENaALbALd2023-08-04eNavakarnataka Publications Pvt.Ltd.g580.00l7o158.1 JORAp076649r2025-03-01 00:00:00s2025-02-19v725.00w2023-08-05yBK